000 00991nam a22003012 4500
001 20709
003 CZ PrNK
005 20260130121139.0
008 960426s1984 xo slo
040 _aABA001
_bcze
_cABA001
_dABA001
041 1 _aslo
_heng
100 1 _aSymons, Julian,
_d1912-1994
_4aut
245 1 0 _aFarba vraždy ;
_bMuž, ktorý zavraždil sám seba ; Hráči a hra /
_cJulian Symons ; z angl. orig. prel. Viera Marušiaková ; il. Ľubomír Longauer
250 _a1. vyd.
260 _aBratislava :
_bSlovenský spisovateľ,
_c1984
300 _a494 s. :
_bil. ;
_c
490 1 _aZelená knižnica
700 1 _aMarušiaková, Viera,
_d1923-2016
_4trl
700 1 _aLongauer, Ľubomír,
_d1948-
_4ill
740 0 2 _aMuž, ktorý zavraždil sám seba
740 0 2 _aHráči a hra
765 0 _tColor of murder
765 0 _tMan who killed himself
765 0 _tPlayers and the game
830 0 _aZelená knižnica
910 _aABA001
942 _2ddc
_cKLDO
_n0
999 _c20709
_d20709